000 00460nam a2200181Ia 4500
008 131103s9999 xx 000 0 und d
040 _aLoreto College
041 _aEnglish
082 _a274/LAU
_bLCLIB/
100 _aLaux, john
245 _aChurch history
_cJohn Laux
260 _aNew York
_bBenziger
_c1930
300 _axix,180p.
_b ill.
_c 21cm.
504 _aIncludes index
650 _aChurch - History
850 _aLCLIB/274/LAU
942 _cBK
999 _c23227
_d73706